Vodík je naděje. Vláda s ním má velké plány, firmy taktéž

Vodík ako energeticky bohaté palivo - palivo budúcnosti. Farby vodíka a spôsoby jeho výroby. Vodík ako vedľajší produkt. Využitie vodíka v doprave.

Salvato in:
Dettagli Bibliografici
Autore principale: Vítková, Eva
Natura: Capitolo di libro
Lingua:ceco
Soggetti:
Tags: Aggiungi Tag
Nessun Tag, puoi essere il primo ad aggiungerne!!

MARC

LEADER 00000naa a2200000 4500
001 0281029
005 20240417075150.8
041 0 |a cze 
044 |a CZ 
245 1 0 |a Vodík je naděje. Vláda s ním má velké plány, firmy taktéž  |c Eva Vítková 
520 |a Vodík ako energeticky bohaté palivo - palivo budúcnosti. Farby vodíka a spôsoby jeho výroby. Vodík ako vedľajší produkt. Využitie vodíka v doprave. 
610 2 0 |a palivá 
610 2 0 |a doprava 
610 2 0 |a energia 
610 2 0 |a vodík 
100 1 |a Vítková, Eva